000 00768cam a22002411 4500
001 sa 66000581
003 DLC
005 20260227112216.0
008 730522s1965 xx 000 0 eng
010 _asa 66000581
035 _a(OCoLC)627299
040 _aDLC
_cOWibfU
_dOCoLC
_dDLC
042 _apremarc
050 0 0 _aPL4758.9.T5
_bA27
100 0 _aTiruvalluvar.
245 1 0 _aKural,
_bthe great book of Tiru-Valluvar.
_cSelections from Books I & II with English translation and notes by C. Rajagopalachari.
250 _a[1st ed.]
260 _aBombay,
_bBharatiya Vidya Bhavan,
_c1965.
300 _aviii, 200 p.
_c19 cm.
440 0 _aBhavan's book university
500 _aEnglish and Tamil.
700 1 _aRajagopalachari, C.
_q(Chakravarti),
_d1878-1972.
999 _c67323
_d67323